LEADER 01107nam a2200241 i 4500 001 000000190582 003 CaOOAMICUS 005 20100622000000.0 008 100622s1967 it u000 u ita u 013 $a169001 040 $aSeMil$bita 240 10$aSaint François De Sales.$0(OLS)http://semarc/title/274561 245 10$aSan Francesco Di Sales /$cTesto biografico di A. Ravier s. j ; illustrazioni di René Perrin ; Commento di Roger Devos. 260 $aTorino-Leumann :$bElle Di Ci,$c1967. 300 $a115 p., [107] p. di tav. :$bill. ;$c24 cm. 600 04$aFrancesco : di Sales .$0(OLS)http://semarc/subject/787 700 1 $aDevos, Roger.$0(OLS)http://semarc/name/18374 700 1 $aPerrin, René.$0(OLS)http://semarc/name/64106 700 1 $aRavier, André,$c.$0(OLS)http://semarc/name/18373 850 $aSeMil 852 $aSeMil$W1$xVenegono$y1$m3H IV 270$j141199$B141199$CSeMilBibl$Z2$F152800 $81 996 $6245$aSan Francesco Di Sales$9(OLS)http://semarc/title/274560 996 $6260$aTorino-Leumann :$bElle Di Ci$9(OLS)http://semarc/publisher/30113 LEADER 00923nam a2200205 i 4500 001 000000104830 003 CaOOAMICUS 005 20011221000000.0 008 011221s1983 be u000 u grc u 013 $a77019 040 $aSeMil$bita 100 1 $aLeanza, Sandro.$0(OLS)http://semarc/name/4559 245 13$aUn nuovo testimone della catena sull'ecclesiaste di Procopio di Gaza, il cod. Vindob. Theol. Gr. 147 /$cSandro Leanza. 300 $a35 p. ;$c26 cm. 490 0 $aCorpus Christianorum. Series Graeca ;$v4., supplementum 830 0$aCorpus Christianorum. Series Graeca ;$v4., supplementum.$0(OLS)http://semarc/title/36 850 $aSeMil 852 $aSeMil$W1$xVenegono$y1$mSL2.K I 4/A$j61130$B61130$CSeMilBibl$Z2$F70464 $8I 961 $aSottoscrizione: Brepols 996 $6245$aUn nuovo testimone della catena sull'ecclesiaste di Procopio di Gaza, il cod. Vindob. Theol. Gr. 147$9(OLS)http://semarc/title/151878